000 00968nam a22001937a 4500
999 _c62710
_d62710
003 Ge_BSU
005 20250128173008.0
008 250128s2016 ge ||||| |||| 00| 0 geo d
020 _a9789941228889
041 _ageo
080 _a821.222.1-1 ს-76
245 _aსპარსული პოეზია :
_b [კრებული] /
_cთარგმნილი მაგალი თოდუას მიერ; რედაქტორი ხათუნა თოდუა; წინათქმა მოჯთაბა ქამრანფარდი.
264 _aთბილისი :
_bუნივერსალი,
_c2016.
300 _a248 გვ. ;
_b 20 სმ.
500 _a წინათქმა ქართ. და სპარს. ენებზე.
501 _aლექსიკონი: გვ. 228-238.
700 _aთოდუა, ხათუნა
_eრედაქტორი
_924158
942 _2udc
_cᲬᲘᲒᲜᲘ